О порядке сношения наказных атаманов Астраханского и Оренбургского казачьих войск с Правительствующим Сенатом, Святейшим Синодом...

RUSMARC
00005439cmc2a2200000 x 450
001fa57a014-c2d0-48d3-918c-9a0db7aa6c9d
00520160322132926.0
100##$a20130921l19031904k y0rusy0189 ca
1010#$arus
102##$aRU
251##$cДело
2250#$aФонд Департамент законов Государственного Совета
$hОпись № 13
324##$aПленка
801#0$aRU
$bРГИА
$c20130921
801#1$aRU
$bГлавНИВЦ
$c20130921
$2rusmarc
801#2$aRU
$bПБ им. Б.Н. Ельцина
$c20130922
$gRCR
$2rusmarc
850##$aФедеральное казенное учреждение "Российский государственный исторический архив" (РГИА)
852##$aРГИА
$j175
937##$aASBIBLIO_SCAN
$bРГИА_1149:_13:1903_175:
$d4858840
$hРГИА
2001#$aО порядке сношения наказных атаманов Астраханского и Оренбургского казачьих войск с Правительствующим Сенатом, Святейшим Синодом, Министрами и Главноуправляющими отдельными частями
$e1 ноября 1903 г. - 9 февраля 1904 г.
$j1903-1904
461#0$10019fbabc13-1218-4a59-948f-40069d96e467
$12001
$aДепартамент законов Государственного совета
$1251
$cФонд
$1852
$j1149
215##$a16 листов
035##$afa57a014-c2d0-48d3-918c-9a0db7aa6c9d
1222#$ad19031101##
$ad19040209##
300##$aМашинописный текст
462#0$10013e5760f9-018c-4a36-bf33-3a59c8fb683f
$12001
$a1899-1906 гг.
$vД. 175
$1251
$cОпись
$1852
$j13
60102$2nlr_sh
$3RU\NLR\AUTH\661259413
$aОренбургское казачье войско
$jДокументы и материалы
60102$aАстраханское казачье войско
$jДокументы и материалы
$2nlr_sh
$3RU\NLR\AUTH\661321293
605##$2acquisition_Prlib
$3DITM\AF\0000002775
$aВласть
$lколлекция
605##$aСинод в истории российской государственности
$lколлекция
$2acquisition_prlib
$3LIBNET\UAF\0000061920
686##$2rubbk
$a86.372.24-353ю1
$vLBC/M
686##$a63.3(2)53ю1
$vLBC/M
$2rubbk
607##$2nlr_sh
$3RU\NLR\AUTH\661537449
$aРоссия
$jДокументы и материалы
$xПолитика и управление
$z19 - нач. 20 вв.
8564#$uhttp://www.prlib.ru/Lib/pages/item.aspx?itemid=136585
Формат отображения